Tehotenstvo, pôrod a šestonedelie

Bibliographic Details
Main Author: Dosedla, Jozef, 1909-1983 (Author)
Other Authors: Dosedlová-Hesse, Irmgard (Illustrator)
Format: Book
Language:Slovak
PhysicalDescription:203, [20] s. V. 8°
Published: Trnava n. vl. 1948
Edition:2. rozšír. vyd.
Subjects:

MARC

LEADER 00000cam a2200000 a 4500
001 vtls008368987
003 SK-MaSNL
005 20260302053152.0
008 230403s1948 xo g 000 0 slo
015 |a SNBA19451955-002144 
035 |a SK01SNKBKSFS20010061204 
035 |a urn:nbn:sk:snk-am3hwik 
035 |a DB107F55-BC5E-457F-B8B2-66665D8DC87F 
035 |a urn:nbn:sk:snk-am00dbhl 
035 |a SKM000063667 
040 |a SNK  |b slo  |c SNK  |e AACR2 
041 0 |a slo 
044 |a xo  |c SK 
080 |a 618  |2 1981 
100 1 |a Dosedla, Jozef,  |d 1909-1983  |4 aut  |9 163960 
245 1 0 |a Tehotenstvo, pôrod a šestonedelie  |c Jozef Dosedla ; [kresby: I. Dosedlová-Hesseová] 
250 |a 2. rozšír. vyd. 
260 |a Trnava  |b n. vl.  |c 1948  |e Trnava  |f Urbánek a spol. 
300 |a 203, [20] s.  |c V. 8° 
650 0 7 |a tehotenstvo  |2 SNKPH  |9 2477 
650 0 7 |a pôrod  |2 SNKPH  |9 3957 
650 0 7 |a šestonedelie  |2 SNKPH  |9 3977 
655 7 |a príručky  |2 SNKPH  |9 74364 
700 1 |a Dosedlová-Hesse, Irmgard  |4 ill  |9 693730 
852 |a Slovenská národná knižnica 
954 |a odborná, vedecká literatúra pôvodná (slovenská)  |2 lita 
958 |a RK 
958 |a TL 
958 |a OND 
958 |a EUIPO 
999 |c 1108331  |d 1110261 
952 |a SNK  |b SNK  |y PREZ  |7 0  |p 17A0909724  |o snkSD 5969  |i snk4472/48  |0 0  |1 0  |4 0  |d 2018-12-03  |f 1  |l 0  |r 2025-11-13 00:00:00  |w 2026-02-24